000 00265nam a2200097Ia 4500
008 170619s9999 xx 000 0 und d
100 _aTaylor- E. Openshaw
245 4 _aThe performance and design of A C communication mot.
260 _bWheeler Publication
260 _c2000
546 _aENGLISH
999 _c17972
_d17972